Clubs vainqueurs de la Ligue des Champions féminine - Statistiques

Statistiques générales
  • Ce quiz a été pris 146 fois
  • Le résultat moyen est 12 sur 20
Statistiques - réponses
Année Pays Club vainqueur % Correct
2011 France Olympique lyonnais
100%
2012 France Olympique lyonnais
100%
2016 France Olympique lyonnais
100%
2017 France Olympique lyonnais
100%
2018 France Olympique lyonnais
100%
2019 France Olympique lyonnais
100%
2020 France Olympique lyonnais
100%
2021 Espagne FC Barcelone
97%
2013 Allemagne VfL Wolfsburg
68%
2014 Allemagne VfL Wolfsburg
68%
2007 Angleterre Arsenal LFC
46%
2002 Allemagne FFC Francfort
34%
2006 Allemagne FFC Francfort
34%
2008 Allemagne FFC Francfort
34%
2015 Allemagne FFC Francfort
34%
2005 Allemagne FFC Turbine Potsdam
17%
2010 Allemagne FFC Turbine Potsdam
17%
2009 Allemagne FCR Duisbourg
11%
2003 Suède Umea IK
11%
2004 Suède Umea IK
11%
Aucun quiz correspondant
Distribution des résultats
% des personnes avec chaque résultat
Percentile par nombre de réponses
Votre historique - résultats
Vous n’avez pas pris ce quiz